|
|
|
|
| LEADER |
00000nam a2200000 a 4500 |
| 001 |
vtls008378896 |
| 003 |
SK-MaSNL |
| 005 |
20260301123451.0 |
| 008 |
251124s1914 xo slo |
| 015 |
|
|
|a SKSNBA19011918-000950
|
| 035 |
|
|
|a SK01SNKBSKFE20010071113
|
| 035 |
|
|
|a SKM000073576
|
| 040 |
|
|
|a SNK
|b slo
|c SNK
|e AACR2
|
| 041 |
1 |
|
|a slo
|
| 044 |
|
|
|a xo
|
| 080 |
|
|
|a 372(075)
|2 1981
|
| 100 |
1 |
|
|a Kmeti, Ján,
|d 1829-1899
|4 aut
|9 158938
|
| 245 |
1 |
0 |
|a Malý modlitebník pre ľudové školy evanj. a.v. seniorátu liptovského
|c z úst veriaceho ľudu a z Jakobeiho Pokladu vybral a usporiadal Ján Kmeti
|
| 250 |
|
|
|a 7. vyd.
|
| 260 |
|
|
|a Liptovský Sv. Mikuláš
|b Ev. a.v. seniorát liptovský
|c 1914
|e Liptovský Sv. Mikuláš
|f F. Klimeš
|
| 300 |
|
|
|a 16 s.
|c 8°
|
| 500 |
|
|
|a Obál. tit.
|
| 650 |
0 |
7 |
|a náboženstvo
|x učebnice ľudových škôl
|2 SNK
|9 309399
|
| 655 |
|
7 |
|a učebnice
|2 SNKPH
|9 22521
|
| 852 |
|
|
|a Slovenská národná knižnica v Martine
|b 10000
|h MS SD 3336/6
|
| 852 |
|
|
|a Univerzitná knižnica v Bratislave
|b 300000
|h SG 2019
|
| 958 |
|
|
|a ONDV
|
| 958 |
|
|
|a RK
|
| 958 |
|
|
|a TL
|
| 999 |
|
|
|c 736340
|d 738270
|
| 952 |
|
|
|a SNK
|b SNK
|y VYP
|7 0
|p 17A0532462
|o snkSD 3336/6 D1
|i snkVI. 3103/55
|3 rekatalogizácia
|0 0
|1 0
|4 0
|d 2006-12-18
|l 0
|r 2026-02-23 22:45:04
|w 2026-02-23
|